|
|
|
|
| LEADER |
00624nab a2200169 i 4500 |
| 001 |
misc3524 |
| 005 |
20191106141853.0 |
| 008 |
170607s1945 hu o 0|| hun d |
| 040 |
|
|
|a SZTE Miscellanea Repozitórium
|b hun
|
| 041 |
|
|
|a hun
|
| 100 |
1 |
|
|a Zádor István
|
| 245 |
1 |
0 |
|a Ilja Ehrenburg
|h [elektronikus dokumentum] :
|b az ismert orosz író /
|c Zádor István
|
| 260 |
|
|
|c 1945
|
| 300 |
|
|
|a 66
|
| 490 |
0 |
|
|a Irodalom, tudomány : a Magyar-Szovjet Művelődési Társaság folyóirata
|v 1 No. 1
|
| 695 |
|
|
|a Ehrenburg, Ilja, Grafika magyar 20. sz.
|
| 856 |
4 |
0 |
|u http://misc.bibl.u-szeged.hu/3524/1/irtud_001_066.pdf
|z Dokumentum-elérés
|